|
|
|
|
| LEADER |
00000caa a2200000 c 4500 |
| 001 |
560557612 |
| 003 |
DE-627 |
| 005 |
20220921153359.0 |
| 007 |
tu |
| 008 |
080328s2007 xx ||||| 00| ||ger c |
| 035 |
|
|
|a (DE-627)560557612
|
| 035 |
|
|
|a (DE-599)GBV560557612
|
| 040 |
|
|
|a DE-627
|b ger
|c DE-627
|e rda
|
| 041 |
|
|
|a ger
|
| 084 |
|
|
|a 2,1
|2 ssgn
|
| 100 |
1 |
|
|a Neubacher, Frank
|d 1965-
|e VerfasserIn
|0 (DE-588)124041884
|0 (DE-627)085599425
|0 (DE-576)172199433
|4 aut
|
| 109 |
|
|
|a Neubacher, Frank 1965-
|
| 245 |
1 |
0 |
|a Genozid
|b strafrechtliche und kriminologische Aspekte
|c Frank Neubacher
|
| 264 |
|
1 |
|c 2007
|
| 336 |
|
|
|a Text
|b txt
|2 rdacontent
|
| 337 |
|
|
|a ohne Hilfsmittel zu benutzen
|b n
|2 rdamedia
|
| 338 |
|
|
|a Band
|b nc
|2 rdacarrier
|
| 773 |
0 |
8 |
|i Enthalten in
|t Jura
|d Berlin : de Gruyter, 1979
|g 29(2007), 11, Seite 848-853
|w (DE-627)129893536
|w (DE-600)304057-4
|w (DE-576)015211681
|x 0170-1452
|7 nnas
|
| 773 |
1 |
8 |
|g volume:29
|g year:2007
|g number:11
|g pages:848-853
|
| 951 |
|
|
|a AR
|
| ELC |
|
|
|b 1
|
| ORI |
|
|
|a SA-MARC-krimdok_oa001.raw
|